[Event "Bad Wörishofen op 2012 28th"]
[Site "Bad Wörishofen (2.3.-10.3)"]
[Date "2012.03.04"]
[Round "3.51"]
[White "Margraf, Christoph"]
[Black "Guenther, Thomas(63)"]
[Result "1/2-1/2"]
[WhiteElo "1808"]
[BlackElo "1977"]
[PlyCount "85"]
[EventDate "2012.03.??"]
[EventType "swiss"]
[EventRounds "9"]
[EventCountry "GER"]
[SourceDate "2013.02.18"]
[WhiteTeam "Ansbach SC"]
[BlackTeam "Berlin Lichtenrade SC"]

1. c4 e5 2. Nc3 Nc6 3. g3 g6 4. Bg2 Bg7 5. e3 Nge7 6. Nge2 O-O 7. O-O d6 8. a3
Be6 9. Nd5 Qd7 10. Rb1 Nd8 11. d4 Nxd5 12. cxd5 Bh3 13. dxe5 Bxg2 14. Kxg2 dxe5
15. e4 c6 16. Nc3 Kh8 17. Bg5 f6 18. Be3 f5 19. f3 cxd5 20. Nxd5 Ne6 21. Rc1 f4
22. Bf2 g5 23. g4 b6 24. h4 Rac8 25. Rxc8 Rxc8 26. hxg5 Nxg5 27. Bh4 Ne6 28.
Rh1 Qb5 29. Bf2 Qxb2 30. Nf6 Ng5 31. Qd7 Qc3 32. Rh3 Nxh3 33. Qf5 Ng5 34. Qxg5
Qc6 35. Nd5 Qe6 36. Qh4 Kg8 37. Ne7+ Kh8 38. Nxc8 Qxc8 39. Qe7 Qb8 40. Bh4 a6
41. Bf6 Bxf6 42. Qxf6+ Kg8 43. Qe6+ 1/2-1/2

[Event "Bad Wörishofen op 2012 28th"]
[Site "Bad Wörishofen (2.3.-10.3)"]
[Date "2012.03.04"]
[Round "3.52"]
[White "De Andres Gonalons, Fernando"]
[Black "Ditmas, Hugh"]
[Result "1-0"]
[WhiteElo "2012"]
[BlackElo "1883"]
[PlyCount "62"]
[EventDate "2012.03.??"]
[EventType "swiss"]
[EventRounds "9"]
[EventCountry "GER"]
[SourceDate "2013.02.18"]
[WhiteTeam "ESP/Spanien"]
[BlackTeam "Bremer 1877 SG"]
[WhiteTeamCountry "ESP"]

1. d4 Nf6 2. c4 e6 3. Nf3 b6 4. a3 Bb7 5. Nc3 d5 6. cxd5 Nxd5 7. e3 Be7 8. Bb5+
c6 9. Bd3 O-O 10. O-O Nxc3 11. bxc3 c5 12. Qc2 h6 13. e4 Nc6 14. Be3 cxd4 15.
cxd4 Rc8 16. Qe2 Qc7 17. h3 Rfd8 18. Rfc1 Qb8 19. Rd1 Bf8 20. Rab1 Qa8 21. Nh2
Na5 22. Qg4 Kh8 23. Nf3 Nc4 24. Rbc1 f5 25. exf5 Bxf3 26. Qxf3 Qxf3 27. gxf3
exf5 28. Bxf5 Rc7 29. a4 g5 30. Be6 Nxe3 31. Rxc7 Nxd1 1-0

[Event "Bad Wörishofen op 2012 28th"]
[Site "Bad Wörishofen (2.3.-10.3)"]
[Date "2012.03.04"]
[Round "3.53"]
[White "Moors, Marc"]
[Black "Jameson, David"]
[Result "0-1"]
[WhiteElo "1879"]
[BlackElo "2067"]
[PlyCount "56"]
[EventDate "2012.03.??"]
[EventType "swiss"]
[EventRounds "9"]
[EventCountry "GER"]
[SourceDate "2013.02.18"]
[WhiteTeam "Brasschaat SK"]
[BlackTeam "Starnberg SC"]

1. d4 Nf6 2. Nf3 e6 3. e3 c5 4. Bd3 Nc6 5. c3 d5 6. Nbd2 Be7 7. O-O O-O 8. dxc5
Bxc5 9. e4 h6 10. Be2 Qc7 11. Qc2 Re8 12. Qb1 dxe4 13. Nxe4 Nxe4 14. Qxe4 Bd6
15. Rd1 e5 16. Nd4 Nxd4 17. cxd4 f5 18. Qh4 e4 19. Re1 b6 20. Bd2 Bb7 21. Rec1
Qe7 22. Qxe7 Rxe7 23. g3 Rd7 24. Kg2 Rf8 25. Bf4 Rf6 26. Be3 g5 27. Bd2 f4 28.
Re1 e3+ 0-1

[Event "Bad Wörishofen op 2012 28th"]
[Site "Bad Wörishofen (2.3.-10.3)"]
[Date "2012.03.04"]
[Round "3.54"]
[White "Schweizer, Manfred(59)"]
[Black "Koelbl, Jonathan"]
[Result "1-0"]
[WhiteElo "2004"]
[BlackElo "1848"]
[PlyCount "81"]
[EventDate "2012.03.??"]
[EventType "swiss"]
[EventRounds "9"]
[EventCountry "GER"]
[SourceDate "2013.02.18"]
[WhiteTeam "Memmingen Post SV"]
[BlackTeam "Klosterlechfeld SK"]

1. d4 d6 2. Nf3 c6 3. e4 Nf6 4. Nc3 b5 5. Bd3 Qc7 6. e5 Nfd7 7. Bf4 e6 8. Ne4
d5 9. Nd6+ Bxd6 10. exd6 Qb6 11. Qe2 Nf6 12. O-O Nbd7 13. b4 Bb7 14. a4 a6 15.
c3 h6 16. Nd2 Qd8 17. Nb3 Nb6 18. Nc5 Bc8 19. Be5 O-O 20. axb5 cxb5 21. Bxf6
Qxf6 22. Ra2 Qd8 23. Rfa1 Qxd6 24. Bxb5 axb5 25. Rxa8 Nxa8 26. Rxa8 Bd7 27. Ra6
Qc7 28. Qe5 Qxe5 29. dxe5 Rd8 30. f4 Be8 31. Nb7 Rb8 32. Nd6 Kf8 33. Kf2 f6 34.
Ke3 fxe5 35. fxe5 Bh5 36. Ra5 Be8 37. Kd4 Ke7 38. Ra7+ Kf8 39. Kc5 g5 40. Rh7
h5 41. Rh8+ 1-0

[Event "Bad Wörishofen op 2012 28th"]
[Site "Bad Wörishofen (2.3.-10.3)"]
[Date "2012.03.04"]
[Round "3.56"]
[White "Wieczorek(vm.Bruder), Heinz"]
[Black "Kuempers, Ulrich"]
[Result "0-1"]
[WhiteElo "1702"]
[BlackElo "1946"]
[PlyCount "76"]
[EventDate "2012.03.??"]
[EventType "swiss"]
[EventRounds "9"]
[EventCountry "GER"]
[SourceDate "2013.02.18"]
[WhiteTeam "Nürnberg Süd SW"]
[BlackTeam "München Tarrasch SC"]

1. e4 c6 2. d4 d5 3. e5 Bf5 4. Bd3 Bxd3 5. Qxd3 e6 6. f4 c5 7. Nf3 Nc6 8. c3
Nh6 9. Na3 Qb6 10. Qb5 Qxb5 11. Nxb5 O-O-O 12. dxc5 Bxc5 13. Nfd4 Bxd4 14. cxd4
Nf5 15. O-O Nfxd4 16. Nxd4 Nxd4 17. Be3 Nc6 18. Bc5 g6 19. b4 b6 20. Bd6 Kd7
21. Rfc1 Rc8 22. Rd1 Nd8 23. b5 Nb7 24. Ba3 Rc3 25. Bb2 Rc2 26. Ba3 Rhc8 27.
Rdc1 Na5 28. Rxc2 Rxc2 29. Rc1 Rxa2 30. Bd6 Nc4 31. g4 Nxd6 32. exd6 Kxd6 33.
Rc8 d4 34. h4 Kd5 35. Rc7 d3 36. Rxf7 d2 37. Rd7+ Ke4 38. Kf1 Ke3 0-1

[Event "Bad Wörishofen op 2012 28th"]
[Site "Bad Wörishofen (2.3.-10.3)"]
[Date "2012.03.04"]
[Round "3.57"]
[White "Deues, Erik"]
[Black "Gajewski, Richard"]
[Result "1-0"]
[WhiteElo "1987"]
[BlackElo "1681"]
[PlyCount "85"]
[EventDate "2012.03.??"]
[EventType "swiss"]
[EventRounds "9"]
[EventCountry "GER"]
[SourceDate "2013.02.18"]
[WhiteTeam "Germering SK"]
[BlackTeam "Gunzenhausen FC"]

1. d4 Nf6 2. c4 c5 3. d5 b5 4. cxb5 a6 5. b6 d6 6. Nc3 Nbd7 7. e4 Rb8 8. Nf3 g6
9. Be2 Rxb6 10. O-O Bg7 11. Nd2 Rb4 12. Qc2 h5 13. a3 Rb8 14. Nc4 Ng4 15. Bg5
Bd4 16. Nxd6+ Kf8 17. Nxc8 Qxc8 18. Bf4 Ra8 19. Bxg4 hxg4 20. Rad1 g5 21. Bg3
a5 22. Ne2 Be5 23. f4 gxf3 24. Rxf3 Bxg3 25. Nxg3 Ne5 26. Rf5 f6 27. Qc3 Qc7
28. b4 c4 29. Qd4 Nf7 30. Qc5 Qxc5+ 31. bxc5 Ke8 32. Rb1 Ne5 33. c6 Kd8 34. Rb7
c3 35. Rf2 Rxh2 36. Rc2 Nf3+ 37. Kf1 Nd2+ 38. Kf2 Rh3 39. Rxc3 Rxg3 40. c7+ Ke8
41. c8=Q+ Kf7 42. Qe6+ Kg6 43. Rxg3 1-0

[Event "Bad Wörishofen op 2012 28th"]
[Site "Bad Wörishofen (2.3.-10.3)"]
[Date "2012.03.04"]
[Round "3.58"]
[White "Billio, Atto"]
[Black "Mattes, Heinz Dr"]
[Result "1-0"]
[WhiteElo "2126"]
[BlackElo "1948"]
[PlyCount "105"]
[EventDate "2012.03.??"]
[EventType "swiss"]
[EventRounds "9"]
[EventCountry "GER"]
[SourceDate "2013.02.18"]
[WhiteTeam "ITA/Italien"]
[BlackTeam "München Siemens SK"]
[WhiteTeamCountry "ITA"]

1. c4 Nf6 2. g3 g6 3. Bg2 Bg7 4. Nc3 d6 5. e4 c6 6. Nge2 e5 7. d3 Nbd7 8. O-O
a5 9. h3 O-O 10. Be3 Re8 11. Qd2 Nc5 12. b3 Qe7 13. Rad1 Bd7 14. f3 b5 15. cxb5
cxb5 16. Bg5 Bc6 17. d4 Nb7 18. d5 Bd7 19. Rc1 b4 20. Nd1 Bb5 21. Nb2 Rec8 22.
Rfd1 Qd7 23. Be3 Ne8 24. h4 Nc7 25. Nc4 Bxc4 26. Rxc4 Na6 27. Rdc1 Nac5 28. Kh2
Rd8 29. h5 f5 30. Bh3 Qf7 31. hxg6 hxg6 32. exf5 gxf5 33. Rh4 Rf8 34. Rcc4 Qg6
35. Bh6 Rf6 36. Bxg7 Kxg7 37. g4 f4 38. Rc1 Rh8 39. Rxh8 Kxh8 40. Rh1 Qg5 41.
Bf1 Rh6+ 42. Kg1 Rxh1+ 43. Kxh1 Qg6 44. Ng1 Kg7 45. Bb5 Nd8 46. Qh2 Nf7 47. Be8
Qh6 48. Qxh6+ Kxh6 49. Bxf7 Nxb3 50. axb3 a4 51. bxa4 b3 52. Ne2 b2 53. Nc3 1-0

[Event "Bad Wörishofen op 2012 28th"]
[Site "Bad Wörishofen (2.3.-10.3)"]
[Date "2012.03.04"]
[Round "3.59"]
[White "Fiedler, Wolfgang(61)"]
[Black "Kluegel, Jan"]
[Result "1/2-1/2"]
[WhiteElo "1892"]
[BlackElo "1834"]
[PlyCount "45"]
[EventDate "2012.03.??"]
[EventType "swiss"]
[EventRounds "9"]
[EventCountry "GER"]
[SourceDate "2013.02.18"]
[WhiteTeam "Zirndorf SK"]
[BlackTeam "Rendsburg VHS SV"]

1. f4 d5 2. Nf3 c5 3. e3 Nf6 4. d4 e6 5. c3 Be7 6. Bd3 b6 7. Ne5 O-O 8. O-O Ba6
9. Bxa6 Nxa6 10. Nc6 Qd7 11. Nxe7+ Qxe7 12. Qe2 Nc7 13. Nd2 Rfe8 14. Nf3 Ne4
15. Bd2 c4 16. Be1 b5 17. Bh4 f6 18. Nd2 Qd7 19. Nxe4 dxe4 20. Qc2 f5 21. a4
Nd5 22. Bf2 a6 23. Rfc1 1/2-1/2

[Event "Bad Wörishofen op 2012 28th"]
[Site "Bad Wörishofen (2.3.-10.3)"]
[Date "2012.03.04"]
[Round "3.60"]
[White "Woerl, Richard"]
[Black "Bauder, Herbert"]
[Result "1-0"]
[WhiteElo "1961"]
[BlackElo "1838"]
[PlyCount "81"]
[EventDate "2012.03.??"]
[EventType "swiss"]
[EventRounds "9"]
[EventCountry "GER"]
[SourceDate "2013.02.18"]
[WhiteTeam "Nürnberg Süd SW"]
[BlackTeam "Berlin Lasker Steglitz SG"]

1. e4 c5 2. c3 g6 3. Be2 Bg7 4. Na3 Nc6 5. f4 d6 6. Nf3 Nf6 7. d3 O-O 8. O-O
Rb8 9. Nc2 b5 10. Bd2 a5 11. Qe1 Bg4 12. Ne3 Bxf3 13. Bxf3 e5 14. f5 Ne7 15.
Qh4 h6 16. fxg6 Nxg6 17. Qg3 Kh7 18. Nf5 Rg8 19. Qh3 Nf4 20. Bxf4 exf4 21. Be2
Bf8 22. Rxf4 Rg6 23. Raf1 Be7 24. Nxe7 Qxe7 25. Bh5 Rbg8 26. Bxg6+ Rxg6 27. Qf3
Kg7 28. Rxf6 Rxf6 29. Qxf6+ Qxf6 30. Rxf6 Kxf6 31. Kf2 Kg5 32. Ke3 f5 33. exf5
Kxf5 34. c4 b4 35. d4 a4 36. b3 a3 37. dxc5 dxc5 38. h3 Ke5 39. g4 Kf6 40. Ke4
Ke6 41. h4 1-0

[Event "Bad Wörishofen op 2012 28th"]
[Site "Bad Wörishofen (2.3.-10.3)"]
[Date "2012.03.04"]
[Round "3.61"]
[White "Blaeser, Romain"]
[Black "Wiessner, Johann"]
[Result "1/2-1/2"]
[WhiteElo "1869"]
[BlackElo "1755"]
[PlyCount "62"]
[EventDate "2012.03.??"]
[EventType "swiss"]
[EventRounds "9"]
[EventCountry "GER"]
[SourceDate "2013.02.18"]
[WhiteTeam "LUX/Luxemburg"]
[BlackTeam "Lechhausen SC"]
[WhiteTeamCountry "LUX"]

1. g3 d5 2. Bg2 Nf6 3. Nf3 c5 4. d3 Nc6 5. Nbd2 e5 6. e4 d4 7. O-O Be7 8. a4
O-O 9. Nc4 Qc7 10. Nh4 Be6 11. b3 Qc8 12. Qe2 Bg4 13. f3 Be6 14. Qf2 Ne8 15. g4
Qd8 16. Nf5 Bxf5 17. exf5 Bh4 18. Qe2 f6 19. f4 Nd6 20. Bd5+ Kh8 21. Qg2 Nxc4
22. bxc4 exf4 23. Bxc6 bxc6 24. Bxf4 Qd7 25. Rab1 Bg5 26. a5 Bxf4 27. Rxf4 Qc7
28. Qd2 Rfe8 29. a6 Rab8 30. Rff1 Kg8 31. Rxb8 Qxb8 1/2-1/2

[Event "Bad Wörishofen op 2012 28th"]
[Site "Bad Wörishofen (2.3.-10.3)"]
[Date "2012.03.04"]
[Round "3.63"]
[White "Klein, Reinhard"]
[Black "Mack, Thomas Dr(43)"]
[Result "1/2-1/2"]
[WhiteElo "1752"]
[BlackElo "1906"]
[PlyCount "74"]
[EventDate "2012.03.??"]
[EventType "swiss"]
[EventRounds "9"]
[EventCountry "GER"]
[SourceDate "2013.02.18"]
[WhiteTeam "München RTA"]
[BlackTeam "München Tarrasch SC"]

1. d4 d5 2. Nf3 c5 3. Bf4 cxd4 4. Nxd4 f6 5. Nb3 e5 6. Bg3 Nc6 7. e3 Be6 8. Be2
Nh6 9. h3 Be7 10. Bh5+ g6 11. Be2 O-O 12. Nc3 Bb4 13. O-O Nf5 14. Bh2 Bxc3 15.
bxc3 Qe7 16. Qc1 Rac8 17. Qb2 Nb8 18. Nd2 Qc5 19. c4 dxc4 20. Ne4 Qc6 21. Bf3
Bd5 22. Nxf6+ Rxf6 23. Bxd5+ Qxd5 24. Rad1 c3 25. Qb4 Qe6 26. Qxb7 Rf7 27. Qe4
Nd7 28. Qd5 Qxd5 29. Rxd5 Re7 30. Rfd1 Rc7 31. e4 Nh6 32. R1d3 Nf7 33. Rb5 Nb6
34. Kf1 Rc4 35. f3 Ra4 36. Rxc3 Rxa2 37. Bg3 Kg7 1/2-1/2

[Event "Bad Wörishofen op 2012 28th"]
[Site "Bad Wörishofen (2.3.-10.3)"]
[Date "2012.03.04"]
[Round "3.64"]
[White "Jakob, Matthias(82)"]
[Black "Santos, Paulo"]
[Result "1-0"]
[WhiteElo "1945"]
[BlackElo "1690"]
[PlyCount "53"]
[EventDate "2012.03.??"]
[EventType "swiss"]
[EventRounds "9"]
[EventCountry "GER"]
[SourceDate "2013.02.18"]
[WhiteTeam "Kaarst SG"]
[BlackTeam "Lechhausen SC"]

1. e4 e5 2. f4 exf4 3. Nf3 d5 4. exd5 Nf6 5. Bb5+ Bd7 6. Bxd7+ Qxd7 7. c4 c6 8.
O-O Be7 9. dxc6 Nxc6 10. d4 O-O 11. Bxf4 Rad8 12. d5 Bc5+ 13. Kh1 Ng4 14. Qd2
Qf5 15. Nc3 Rfe8 16. Rae1 Nb4 17. Ne5 Nc2 18. Rc1 Nb4 19. Nxg4 Qxg4 20. a3 Nc6
21. b4 Bf8 22. Qf2 Ne7 23. Bc7 Rc8 24. Qxf7+ Kh8 25. d6 Ng6 26. d7 Nh4 27. Bg3
1-0

[Event "Bad Wörishofen op 2012 28th"]
[Site "Bad Wörishofen (2.3.-10.3)"]
[Date "2012.03.04"]
[Round "3.65"]
[White "Klein, Gereon"]
[Black "Funke, Joerg-Dietmar"]
[Result "1-0"]
[WhiteElo "1836"]
[BlackElo "1729"]
[PlyCount "73"]
[EventDate "2012.03.??"]
[EventType "swiss"]
[EventRounds "9"]
[EventCountry "GER"]
[SourceDate "2013.02.18"]
[WhiteTeam "Kerpen 64 SK"]
[BlackTeam "Naunhof SC"]

1. Nf3 Nf6 2. c4 e6 3. Nc3 d5 4. d4 Bb4 5. g3 O-O 6. Bg2 Ne4 7. Qc2 Nd7 8. O-O
Nxc3 9. bxc3 Be7 10. e4 dxe4 11. Qxe4 Nf6 12. Qc2 Rb8 13. Ne5 c6 14. Rb1 Bd6
15. Rd1 Qc7 16. a4 Nd7 17. Nxd7 Bxd7 18. c5 Be7 19. Bf4 Qa5 20. Bxb8 Rxb8 21.
Qb3 g6 22. Qb4 Qc7 23. a5 Qd8 24. c4 b6 25. axb6 axb6 26. Qb3 b5 27. cxb5 Rxb5
28. Qc2 Rxb1 29. Qxb1 Bf6 30. Qb6 Qc8 31. Rb1 Bxd4 32. Qb8 Kg7 33. Qxc8 Bxc8
34. Rb6 e5 35. Rxc6 Be6 36. Rc7 Kh6 37. c6 1-0

[Event "Bad Wörishofen op 2012 28th"]
[Site "Bad Wörishofen (2.3.-10.3)"]
[Date "2012.03.04"]
[Round "3.66"]
[White "Koch, Harald"]
[Black "Spanton, Tim R"]
[Result "1/2-1/2"]
[WhiteElo "1834"]
[BlackElo "1961"]
[PlyCount "23"]
[EventDate "2012.03.??"]
[EventType "swiss"]
[EventRounds "9"]
[EventCountry "GER"]
[SourceDate "2013.02.18"]
[WhiteTeam "Kissing SK"]
[BlackTeam "ENG/England"]
[BlackTeamCountry "ENG"]

1. c4 c5 2. Nf3 Nc6 3. g3 Nf6 4. Bg2 g6 5. O-O Bg7 6. Nc3 O-O 7. d3 d5 8. Qa4
d4 9. Ne4 Nxe4 10. dxe4 Bd7 11. a3 Qa5 12. Qc2 1/2-1/2

[Event "Bad Wörishofen op 2012 28th"]
[Site "Bad Wörishofen (2.3.-10.3)"]
[Date "2012.03.04"]
[Round "3.67"]
[White "Puetz, Peter(51)"]
[Black "Frei, Markus"]
[Result "0-1"]
[WhiteElo "1437"]
[BlackElo "1900"]
[PlyCount "66"]
[EventDate "2012.03.??"]
[EventType "swiss"]
[EventRounds "9"]
[EventCountry "GER"]
[SourceDate "2013.02.18"]
[WhiteTeam "Hennef SV"]
[BlackTeam "Mörlenbach-Birkenau FB"]

1. c4 c6 2. e4 d5 3. cxd5 cxd5 4. e5 e6 5. d4 Nc6 6. Nf3 Qb6 7. Nc3 Nh6 8. Bb5
Bd7 9. O-O Nxe5 10. Bxd7+ Nxd7 11. Re1 O-O-O 12. a3 Bd6 13. b4 Kb8 14. Na4 Qb5
15. Nc5 b6 16. a4 Qc4 17. Nxd7+ Rxd7 18. b5 Rc7 19. Ne5 Bxe5 20. Rxe5 Nf5 21.
Rxf5 exf5 22. Bf4 Kb7 23. Bxc7 Qxc7 24. Rc1 Qd7 25. Rc6 Re8 26. f3 Qe7 27. Kf1
Qe3 28. Rc2 Qf4 29. Re2 Rxe2 30. Qxe2 Qxh2 31. Qc2 Qh1+ 32. Kf2 Qh4+ 33. Kf1
Qf6 0-1

[Event "Bad Wörishofen op 2012 28th"]
[Site "Bad Wörishofen (2.3.-10.3)"]
[Date "2012.03.04"]
[Round "3.68"]
[White "Harsch, Martin"]
[Black "Dahmen, Juergen"]
[Result "1-0"]
[WhiteElo "1837"]
[BlackElo "1674"]
[PlyCount "63"]
[EventDate "2012.03.??"]
[EventType "swiss"]
[EventRounds "9"]
[EventCountry "GER"]
[SourceDate "2013.02.18"]
[WhiteTeam "SUI/Schweiz"]
[BlackTeam "Wolfbusch SV"]
[WhiteTeamCountry "SUI"]

1. e4 c5 2. Nf3 e6 3. c3 d6 4. d4 cxd4 5. cxd4 Nf6 6. Nc3 a6 7. Bd3 Nbd7 8. a4
b6 9. Bf4 Bb7 10. O-O Be7 11. Rc1 O-O 12. Re1 d5 13. e5 Ne8 14. h3 Rc8 15. Qe2
Nb8 16. Qc2 h6 17. Qe2 Nc7 18. Bb1 h5 19. Nh2 g6 20. g4 hxg4 21. Qxg4 Kg7 22.
Nf3 Rh8 23. Kh2 Nc6 24. Rg1 Qe8 25. Ng5 Kf8 26. Be3 a5 27. Ne2 Nb4 28. Nf4 Bxg5
29. Qxg5 Rg8 30. Nh5 Qe7 31. Qh6+ Ke8 32. Nf6+ 1-0

[Event "Bad Wörishofen op 2012 28th"]
[Site "Bad Wörishofen (2.3.-10.3)"]
[Date "2012.03.04"]
[Round "3.69"]
[White "Natterer, Winfried"]
[Black "Van Eck, Ted"]
[Result "0-1"]
[WhiteElo "1658"]
[BlackElo "1691"]
[PlyCount "88"]
[EventDate "2012.03.??"]
[EventType "swiss"]
[EventRounds "9"]
[EventCountry "GER"]
[SourceDate "2013.02.18"]
[WhiteTeam "Dietmannsried SC"]
[BlackTeam "NED/Niederlande"]
[BlackTeamCountry "NED"]

1. e4 c6 2. d4 d5 3. e5 Na6 4. a3 g6 5. f4 h5 6. Nf3 Nh6 7. Bd3 Bf5 8. O-O Nc7
9. Be3 Ne6 10. Qe2 Bxd3 11. Qxd3 Nf5 12. Ng5 Nxg5 13. fxg5 h4 14. b4 e6 15. Nd2
Be7 16. Nf3 Rh5 17. Bd2 Kf8 18. c3 Kg7 19. a4 b6 20. Rfb1 Qc7 21. Rb2 Rah8 22.
Kf2 Qd8 23. b5 c5 24. Rba2 Qb8 25. Bf4 Rc8 26. Rc2 cxd4 27. cxd4 Rxc2+ 28. Qxc2
Rh8 29. Rc1 Ba3 30. Ra1 Rc8 31. Qd1 Bb4 32. Rc1 Bc3 33. g4 hxg3+ 34. hxg3 Rc4
35. g4 Bxd4+ 36. Nxd4 Rxd4 37. Qf3 Rxa4 38. gxf5 gxf5 39. g6 fxg6 40. Rg1 Qc8
41. Qh5 Rxf4+ 42. Ke3 Re4+ 43. Kd3 Qc4+ 44. Kd2 Qd4+ 0-1

[Event "Bad Wörishofen op 2012 28th"]
[Site "Bad Wörishofen (2.3.-10.3)"]
[Date "2012.03.04"]
[Round "3.70"]
[White "Valet, Richard"]
[Black "Tichacek, Alois"]
[Result "1-0"]
[WhiteElo "1938"]
[BlackElo "1559"]
[PlyCount "71"]
[EventDate "2012.03.??"]
[EventType "swiss"]
[EventRounds "9"]
[EventCountry "GER"]
[SourceDate "2013.02.18"]
[WhiteTeam "Greifswalder SV"]
[BlackTeam "Marktoberdorf SK"]

1. e4 c5 2. Nc3 e5 3. g3 Nc6 4. Bg2 Nf6 5. d3 d6 6. f4 g6 7. Nf3 Bg7 8. O-O Qb6
9. Nd5 Nxd5 10. exd5 Ne7 11. fxe5 dxe5 12. Qe2 f6 13. c4 Qd6 14. Bd2 g5 15. Bc3
h5 16. Qf2 Bf5 17. Rab1 Bg6 18. b4 b6 19. Qb2 O-O 20. a3 Nf5 21. Qf2 Nh6 22. h3
Nf5 23. Nd2 Rae8 24. Ne4 Qd7 25. bxc5 bxc5 26. Nxc5 Qc8 27. Ne6 Rf7 28. Be4 Ne7
29. Bxg6 Nxg6 30. Nc5 Rfe7 31. Ne6 Bh8 32. Qf5 Nf8 33. Bb4 Rf7 34. Bxf8 Rexf8
35. Qg6+ Bg7 36. Rf5 1-0

[Event "Bad Wörishofen op 2012 28th"]
[Site "Bad Wörishofen (2.3.-10.3)"]
[Date "2012.03.04"]
[Round "3.71"]
[White "Ranker, Klemens"]
[Black "Rennenkampff, Juergen"]
[Result "1-0"]
[WhiteElo "1787"]
[BlackElo "1678"]
[PlyCount "87"]
[EventDate "2012.03.??"]
[EventType "swiss"]
[EventRounds "9"]
[EventCountry "GER"]
[SourceDate "2013.02.18"]
[WhiteTeam "Hauptstuhl SC"]
[BlackTeam "Trudering SC"]

1. e4 e5 2. Nf3 Nc6 3. Bb5 a6 4. Ba4 Nf6 5. O-O Be7 6. Re1 b5 7. Bb3 O-O 8. c3
d6 9. d4 Bg4 10. d5 Na5 11. Bc2 h6 12. Nbd2 Ne8 13. h3 Bh5 14. Nf1 Bxf3 15.
Qxf3 Bg5 16. Ne3 g6 17. b3 Qf6 18. Qe2 h5 19. g3 Kh7 20. Rf1 Bh6 21. Bd2 Nb7
22. Kg2 Ng7 23. f4 exf4 24. gxf4 Qe7 25. Qf3 f5 26. exf5 gxf5 27. Rae1 Qf7 28.
Kh2 Nc5 29. Rg1 Rae8 30. Rxg7+ Bxg7 31. Nxf5 Kh8 32. Rg1 Qxf5 33. Bxf5 Rxf5 34.
Rg5 Rxg5 35. fxg5 Rf8 36. Qxh5+ Kg8 37. Qe2 Be5+ 38. Kg2 Rf7 39. h4 Nd7 40. h5
Re7 41. Qd3 Nc5 42. Qg6+ Bg7 43. h6 Ne4 44. Be3 1-0

[Event "Bad Wörishofen op 2012 28th"]
[Site "Bad Wörishofen (2.3.-10.3)"]
[Date "2012.03.04"]
[Round "3.72"]
[White "Malzer, Werner"]
[Black "Lampert, Joshua"]
[Result "1-0"]
[WhiteElo "1837"]
[BlackElo "1504"]
[PlyCount "81"]
[EventDate "2012.03.??"]
[EventType "swiss"]
[EventRounds "9"]
[EventCountry "GER"]
[SourceDate "2013.02.18"]
[WhiteTeam "Kirchenlaibach TSV"]
[BlackTeam "Hamburger SK"]

1. e4 e5 2. Nf3 Nc6 3. Bc4 Bc5 4. Nc3 Nf6 5. d3 O-O 6. a3 d6 7. h3 h6 8. b4 Bb6
9. Na4 Be6 10. Nxb6 axb6 11. Bxe6 fxe6 12. Bb2 Qe8 13. O-O Nh5 14. Nh2 Nf4 15.
Bc1 Qg6 16. Bxf4 Rxf4 17. c3 Raf8 18. Ra2 d5 19. f3 Qg5 20. Qe1 Ne7 21. Re2 Ng6
22. Kh1 R4f6 23. Ng4 R6f7 24. exd5 exd5 25. Nxe5 Rf5 26. Nxg6 Qxg6 27. Re6 Qg5
28. d4 Ra8 29. Re8+ Rf8 30. Qe6+ Kh7 31. Rxf8 Rxf8 32. Qe2 Rf6 33. Re1 Rc6 34.
Qc2+ Kg8 35. Re5 Qg3 36. Qd2 Rd6 37. Re7 Rg6 38. Qe2 Rc6 39. Re8+ Kh7 40. Qe3
Kg6 41. Rf8 1-0

[Event "Bad Wörishofen op 2012 28th"]
[Site "Bad Wörishofen (2.3.-10.3)"]
[Date "2012.03.04"]
[Round "3.74"]
[White "Engl, Heinz"]
[Black "Schelle, Artur"]
[Result "0-1"]
[WhiteElo "2021"]
[BlackElo "2169"]
[PlyCount "25"]
[EventDate "2012.03.??"]
[EventType "swiss"]
[EventRounds "9"]
[EventCountry "GER"]
[SourceDate "2013.02.18"]
[WhiteTeam "München Blinden SC (DBSB)"]
[BlackTeam "München Tarrasch SC"]

1. e4 d5 2. exd5 Qxd5 3. Nc3 Qa5 4. d4 Nf6 5. Bc4 Bg4 6. f3 Bf5 7. g4 Bg6 8. h4
h6 9. Nge2 b6 10. Nf4 Bh7 11. Qe2 Nc6 12. Bb5 O-O-O 13. Bxc6 0-1

[Event "Bad Wörishofen op 2012 28th"]
[Site "Bad Wörishofen (2.3.-10.3)"]
[Date "2012.03.04"]
[Round "3.75"]
[White "Lindenmair, Anton"]
[Black "Russ, Oliver(76)"]
[Result "1-0"]
[WhiteElo "1975"]
[BlackElo "1491"]
[PlyCount "57"]
[EventDate "2012.03.??"]
[EventType "swiss"]
[EventRounds "9"]
[EventCountry "GER"]
[SourceDate "2013.02.18"]
[WhiteTeam "DBSB (Blindenschachbund)"]
[BlackTeam "Schwarzenberg-Raschau SG"]

1. d4 d5 2. Nf3 e6 3. c4 Nf6 4. g3 Be7 5. Bg2 O-O 6. O-O b6 7. Ne5 Bb7 8. Nc3
c5 9. dxc5 bxc5 10. Bg5 Nc6 11. Nxc6 Bxc6 12. Rc1 Qd7 13. cxd5 exd5 14. Bxf6
Bxf6 15. Nxd5 Bxd5 16. Qxd5 Qxd5 17. Bxd5 Rac8 18. Rc2 Rfd8 19. Bf3 g6 20. Rfc1
Be7 21. b4 Rc7 22. bxc5 f5 23. c6 Rcc8 24. Rb1 a5 25. Rb7 Bd6 26. Rd2 Bb4 27.
Rdd7 Rxd7 28. Rxd7 Kf8 29. Rxh7 1-0

[Event "Bad Wörishofen op 2012 28th"]
[Site "Bad Wörishofen (2.3.-10.3)"]
[Date "2012.03.04"]
[Round "3.76"]
[White "Muehlbach, Peter"]
[Black "Pohlers, Juergen"]
[Result "1/2-1/2"]
[WhiteElo "1995"]
[BlackElo "1875"]
[PlyCount "76"]
[EventDate "2012.03.??"]
[EventType "swiss"]
[EventRounds "9"]
[EventCountry "GER"]
[SourceDate "2013.02.18"]
[WhiteTeam "Heidelberg-Kirchheim SG"]
[BlackTeam "Leipzig Allianz BSV(DBSB)"]

1. Nf3 d5 2. d4 Nf6 3. c4 c6 4. e3 Bg4 5. Nbd2 e6 6. Qb3 Qb6 7. Bd3 Nbd7 8. O-O
Be7 9. Re1 O-O 10. h3 Bh5 11. Qxb6 axb6 12. g4 Bg6 13. Bxg6 hxg6 14. a3 Ra6 15.
e4 dxc4 16. g5 Nh7 17. Nxc4 b5 18. Nce5 Nxe5 19. dxe5 Rd8 20. Be3 Nf8 21. Red1
Ra4 22. Rxd8 Bxd8 23. Rd1 Be7 24. Rd4 c5 25. Rxa4 bxa4 26. Nd2 Nd7 27. f4 b5
28. Kf1 Kf8 29. Ke2 Ke8 30. Kd3 Kd8 31. h4 Kc7 32. Nf1 Kc6 33. Bd2 b4 34. Ne3
Nb6 35. Nc4 Kb5 36. Nxb6 Kxb6 37. Kc4 b3 38. Be3 Kc6 1/2-1/2

[Event "Bad Wörishofen op 2012 28th"]
[Site "Bad Wörishofen (2.3.-10.3)"]
[Date "2012.03.04"]
[Round "3.77"]
[White "Kauch, Markus"]
[Black "Schellmann, Frank"]
[Result "1/2-1/2"]
[WhiteElo "2127"]
[BlackElo "2004"]
[PlyCount "37"]
[EventDate "2012.03.??"]
[EventType "swiss"]
[EventRounds "9"]
[EventCountry "GER"]
[SourceDate "2013.02.18"]
[WhiteTeam "SUI/Stäfa SC (Dotzheim TuS)"]
[BlackTeam "Halle Einheit SC"]
[WhiteTeamCountry "SUI"]

1. d4 Nf6 2. Bg5 Ne4 3. Bf4 d5 4. f3 Nf6 5. e4 dxe4 6. Nc3 Nd5 7. Nxd5 Qxd5 8.
Bxc7 Nc6 9. c3 Bf5 10. Qb3 Qxb3 11. axb3 Rc8 12. Bf4 e6 13. b4 a6 14. b5 axb5
15. Bxb5 Be7 16. fxe4 Bxe4 17. Nf3 Bxf3 18. gxf3 O-O 19. O-O 1/2-1/2